Nghiên cứu và thiết kế mô hình ứng dụng sóng siêu âm làm giảm dư lượng thuốc bảo vệ thực vật còn tồn đọng trong nông sản sau khi thu hoạch : Báo cáo tổng kết đề tài Khoa học và Công nghệ cấp Trường

Thiết kế mô hình bể rửa ứng dụng sóng siêu âm ngoài việc rửa sạch nông sản thông thường mà còn để làm giảm dư lượng thuốc bảo vệ thực vật còn tồn đọng trong nông sản sau khi thu hoạch góp phần bảo đảm an toàn vệ sinh thực phẩm, ngăn...

Disgrifiad llawn

Wedi'i Gadw mewn:
Manylion Llyfryddiaeth
Prif Awdur: Lương, Vinh Quốc Danh
Fformat: Llyfr
Iaith:Undetermined
Cyhoeddwyd: Cần Thơ Trường Đại học Cần Thơ 2016
Pynciau:
Tagiau: Ychwanegu Tag
Dim Tagiau, Byddwch y cyntaf i dagio'r cofnod hwn!
Thư viện lưu trữ: Trung tâm Học liệu Trường Đại học Cần Thơ
LEADER 01370nam a2200205Ia 4500
001 CTU_223307
008 210402s9999 xx 000 0 und d
082 |a 620.2 
082 |b D107 
088 |a T2016-7 
100 |a Lương, Vinh Quốc Danh 
245 0 |a Nghiên cứu và thiết kế mô hình ứng dụng sóng siêu âm làm giảm dư lượng thuốc bảo vệ thực vật còn tồn đọng trong nông sản sau khi thu hoạch : 
245 0 |b Báo cáo tổng kết đề tài Khoa học và Công nghệ cấp Trường 
245 0 |c Lương Vinh Quốc Danh (Chủ nhiệm đề tài) ; Trần Hữu Danh (Thành viên tham gia) 
260 |a Cần Thơ 
260 |b Trường Đại học Cần Thơ 
260 |c 2016 
520 |a Thiết kế mô hình bể rửa ứng dụng sóng siêu âm ngoài việc rửa sạch nông sản thông thường mà còn để làm giảm dư lượng thuốc bảo vệ thực vật còn tồn đọng trong nông sản sau khi thu hoạch góp phần bảo đảm an toàn vệ sinh thực phẩm, ngăn ngừa giảm nguy cơ ung thư, ... 
650 |a Kỹ thuật âm thanh,Acoustical engineering 
980 |a Trung tâm Học liệu Trường Đại học Cần Thơ